000 00715nam a2200253Ia 4500
003 OSt
005 20220918200532.0
006 a|||||r|||| 00| 0
007 ta
008 220917b |||||||| |||| 00| 0 eng d
024 _a89,216
037 _cTextual
040 _aARTS
_cARTS
_beng
041 _2eng
_aeng
082 _aT9(Y31).73, M2
100 _aNachitigal Paul M. Ed
_994528
245 0 _aRural education
_b In search of a better way
260 _aBoulder
_bWestview Press
_c1982
300 _aix, 326p.
_ccm.
490 _aWestview special studies in education
650 _aEDUCATION
942 _hT9(Y31).73, M2
_cTEXL
_2CC
999 _c212886
_d212886